000 01287cam a2200313 a 4500
001 4924208
003 ARRUPE
005 20160216104218.0
008 950228r19951963ilua b s001 0 eng
010 _a 95011562
020 _a0226134768 (pbk. : alk. paper)
040 _aDLC
_cDLC
_dDLC
041 1 _aeng
_hfre
050 0 0 _aB1933.E5
_bS38 1995
082 0 0 _a034/.1
_220
130 0 _aEncyclopédie.
_pDiscours préliminaire.
_lEnglish.
_95752
245 1 0 _aPreliminary discourse to the Encyclopedia of Diderot /
_cJean le Rond d'Alembert ; translated by Richard N. Schwab with the collaboration of Walter E. Rex ; with an introduction by Richard N. Schwab.
260 _aChicago :
_bUniversity of Chicago Press,
_c1995.
300 _aliv, 170 p. :
_bill. ;
_c21 cm.
500 _aOriginally published: Indianopolis : Bobbs-Merrill, c1963
504 _aIncludes bibliographical references and index.
650 0 _aMethodology.
_95753
700 1 _aAlembert, Jean Le Rond d',
_d1717-1783.
_95754
700 1 _aSchwab, Richard N.
_95755
700 1 _aRex, Walter E.
_95756
906 _a7
_bcbc
_corignew
_d1
_eocip
_f19
_gy-gencatlg
942 _2lcc
_cMONOGRAPH
999 _c119278
_d119278